书目信息 |
| 书名: | the Spot | |
| 作者: | Edwin Diamond and Stephen Bates. | |
| 分册号: | ||
| 分册名: | 出版地: | Cambridge : |
|
| 出版社: | the Mit Press | |
| 出版时间: | 1984. | |
| 页数: | 416 p. ; | |
| 开本: | 20cm. | |
| 丛书名: | ||
| 中图分类号: | ||
| 科图分类号: | ||
| 其他分类号: | G229.712 | |
| 主题词: | ||
| 电子资源: | ||
| 000 | 00476nam 2200157 a 4500 | |
| 001 | E0159695990 | |
| 005 | 2001122416345560 | |
| 008 | 011224s1984 00010 eng | |
| 020 | @a0-262-04075-1 :@cRMB 12.00. | |
| 040 | @aPFT@beng | |
| 090 | @aG229.712 | |
| 099 | @dG229.712@eD537 | |
| 245 | @athe Spot :@bthe Rise of Political Advertising on TV / @cEdwin Diamond and Stephen Bates. | |
| 260 | @aCambridge :@bthe Mit Press,@c1984. | |
| 300 | @a416 p. ;@c20cm. | |
| 500 | @aIncludes index | |
| the Spot : : the Rise of Political Advertising on TV / / Edwin Diamond and Stephen Bates.-Cambridge : : the Mit Press, , 1984. |
| 416 p. ; ; 20cm. |
| Includes index |
| ISBN 0-262-04075-1 :RMB 12.00. |
| ● |
| 相关链接 |
|
|
|
正题名:the Spot
索取号:G229.712/D537
 
预约/预借
| 序号 | 登录号 | 条形码 | 馆藏地/架位号 | 状态 | 备注 |
| 1 | 0989 | 300009899 | 社科库409/409社科库 58排4列1层/ [索取号:G229.712/D537] | 在馆 |